000
00291nam a22001217a 4500
999
_c
13499
_d
13499
082
_a
904
100
_a
Beha Ud Din
245
_a
The Life of Salah Ud Din Ayyubi
260
_a
Lahore
_b
Ferozsons
_c
1897
300
_a
xx, 420 Pages
650
_a
Muslim-History-Salah ud Din Ayyubi
942
_c
BK